00489nam a2200157Ia 4500003000900000008004100009040001600050080001700066100001900083245012500102260003000227300001400257650001900271650002200290650001900312IN-BaIIA211028s9999 xx 000 0 eng d cIIA Library a530.145bLIN aLindsay, P. A. 0aIntroduction to quantum mechanics for electrical engineerscP. A. Lindsay  aLondonbMcGraw-Hillc1967 axi, 240p. aNASA Thesaurus aQuantum mechanics aQuantum theory